000 00461nam a2200181Ia 4500
001 14510
003 IN-NITTTR
005 20251114233136.0
008 251113s9999||||xx |||||||||||||| ||eng||
040 _beng
040 _cIN-NITTTR
041 _aeng
082 _a658.04 S31M
100 _aSrivastava, S. S.
245 0 _aManagement and monitoring of industrial sickness /
_cSrivastava, S. S., Yadav, R. A.
700 _a Yadav, R. A.
942 _2ddc
_cBK
999 _c17146
_d17146